Internal auditor: journal of the Institute of Internal Auditors. (Record no. 38287)

MARC details
000 -LEADER
fixed length control field 00487nam a2200169Ia 4500
022 ## - INTERNATIONAL STANDARD SERIAL NUMBER
ISSN 00205745
050 ## - CALL MARK
Classification number HF 5668 .I58/
245 #0 - TITLE STATEMENT
Title Internal auditor: journal of the Institute of Internal Auditors.
260 ## - PUBLICATION, DISTRIBUTION, ETC. (IMPRINT)
Place of publication North America,New York.
260 ## - PUBLICATION, DISTRIBUTION, ETC. (IMPRINT)
Name of publisher Institute of Internal Auditors
260 ## - PUBLICATION, DISTRIBUTION, ETC. (IMPRINT)
Year of publication 2013
300 ## - PHYSICAL DESCRIPTION
Number of Pages 72 p. : ill. ; 28 cm.
650 ## - SUBJECT ADDED ENTRY--TOPICAL TERM
Topical Term Internal Auditing--Periodicals.
942 ## - ADDED ENTRY ELEMENTS (KOHA)
Koha item type Serials

No items available.